[Event "FRA-ch U12 Girls"]
[Site "Aix les Bains"]
[Date "2009.04.22"]
[Round "5"]
[White "Remy, Camille"]
[Black "Del Valle, Julie"]
[Result "0-1"]
[WhiteElo "1320"]
[BlackElo "1530"]
[PlyCount "92"]
[EventDate "2009.04.19"]
[EventType "swiss"]
[EventRounds "9"]
[EventCountry "FRA"]
[SourceTitle "CBM 130 Extra"]
[Source "ChessBase"]
[SourceDate "2009.07.02"]
[SourceVersion "2"]
[SourceVersionDate "2009.07.15"]
[SourceQuality "1"]

1. e4 e5 2. Nf3 Nc6 3. Bc4 Be7 4. c3 d6 5. d4 exd4 6. cxd4 Nf6 7. Nc3 Bg4 8. Bb5 0-0 9. Bxc6 bxc6 10. 0-0 Rb8 11. Qd3 Bxf3 12. Qxf3 Re8 13. Qg3 Kh8 14. Re1 Rb4 15. e5 dxe5 16. dxe5 Nd5 17. Nxd5 Qxd5 18. b3 Bc5 19. Bb2 Bd4 20. Bc3 Bxc3 21. Qxc3 Rg4 22. g3 Rg5 23. Rad1 Qe6 24. f4 Rh5 25. Re2 Qg4 26. Red2 Qc8 27. Qd4 h6 28. Qxa7 Kh7 29. Qc5 Qa8 30. Rd7 Qxa2 31. h4 Qxb3 32. Qxc6 Qxg3+ 33. Qg2 Qe3+ 34. Kf1 Qxf4+ 35. Qf2 Qxf2+ 36. Kxf2 Rf5+ 37. Kg2 Rexe5 38. Rxc7 Re6 39. Rf1 Rg6+ 40. Kh2 Rxf1 41. h5 Rg5 42. Rxf7 Rxh5+ 43. Kg2 Rxf7 44. Kg3 Re5 45. Kg4 Re4+ 46. Kh5 Rf5# 0-1